| 000 | 01107cam a2200277 a 4500 | ||
|---|---|---|---|
| 001 | BD-DhSAU 144 | ||
| 003 | BD-DhSAU | ||
| 005 | 20140609110007.0 | ||
| 008 | 050412s2002 flua b 001 0 eng d | ||
| 020 | _a1855734672 (Woodhead) | ||
| 020 | _a0849314364 (CRC) | ||
| 040 | _cBD-DhSAU | ||
| 082 | 0 | 0 |
_a635 / FRU _222 |
| 245 | 0 | 0 |
_aFruit and vegetable biotechnology / _c Victoriano Valpuesta. [edited] |
| 260 |
_aBoca Raton, Fla. : _bCRC Press, _cc2002. |
||
| 300 |
_axi, 338 p. : _bill. ; _c24 cm. |
||
| 440 | 0 | _aWoodhead Publishing in food science and technology | |
| 504 | _aIncludes bibliographical references and index. | ||
| 650 | 0 | _aGenetically modified foods. | |
| 650 | 0 | _aAgricultural biotechnology. | |
| 650 | 0 |
_aFruit _xGenetics. |
|
| 650 | 0 |
_aVegetables _xGenetics. |
|
| 700 | 1 | _aValpuesta, Victoriano. | |
| 856 | 4 | 2 | _uhttp://www.loc.gov/catdir/enhancements/fy0646/2005272826-d.html |
| 856 | 4 | 2 | _uhttp://books.google.com.bd/books?id=QnNrij-AhmYC&pg=PA152&dq=1855734672&hl=en&sa=X&ei=LlvfUpSRIYOa4wSZhoHABg&redir_esc=y#v=onepage&q=1855734672&f=false |
| 942 |
_2ddc _cBOOK |
||
| 999 |
_c144 _d144 |
||